Catalog

Record Details

Catalog Search



Available copies

  • 2 of 2 copies available at LARL/NWRL Consortium.
  • 2 of 2 copies available at Lake Agassiz Regional Library. (Show preferred library)

Current holds

0 current holds with 2 total copies.

Show Only Available Copies
Location Call Number / Copy Notes Barcode Shelving Location Status Due Date
Fosston Public Library WOH (Text) 33500012791208 Main Available -
Moorhead Public Library WOH (Text) 33500012791190 Main Available -

Record details

  • ISBN: 9781616205638
  • ISBN: 1616205636
  • Physical Description: pages cm
  • Edition: First edition.
  • Publisher: Chapel Hill, North Carolina : Algonquin Books of Chapel Hill, 2018.

Content descriptions

Summary, etc.:
"When seventeen-year-old Rainy comes home late one ... Read More
Subject: Teenagers > Family relationships > Fiction.
Children of criminals > Fiction.
Children of criminals.
Teenagers > Family relationships.
Genre: Bildungsromans.
Fiction.
Thrillers (Fiction)
Thrillers (Fiction)
Bildungsromans.
LDR 02000cam a22004698i 4500
001291151
003LARL_NWRL_CONSORTIUM
00520181017152109.0
008180109s2018 ncu 000 f eng c
010 . ‡a 2017061146
040 . ‡aCoCr/DLC ‡beng ‡erda ‡cDLC ‡dOCLCO ‡dOCLCF ‡dOCL ‡dOCLCQ ‡dOCLCO
019 . ‡a993997646
020 . ‡a9781616205638 ‡q(hardcover ; ‡qalk. paper)
020 . ‡a1616205636
035 . ‡a(OCoLC)993695478 ‡z(OCoLC)993997646
042 . ‡apcc
08204. ‡a813/.6 ‡223
1001 . ‡aWohlsdorf, Gina, ‡eauthor. ‡0(LARL_NWRL_CONSORTIUM)225997
24510. ‡aBlood highway / ‡cGina Wohlsdorf.
250 . ‡aFirst edition.
264 1. ‡aChapel Hill, North Carolina : ‡bAlgonquin Books of Chapel Hill, ‡c2018.
300 . ‡apages cm
336 . ‡atext ‡btxt ‡2rdacontent
337 . ‡aunmediated ‡bn ‡2rdamedia
338 . ‡avolume ‡bnc ‡2rdacarrier
520 . ‡a"When seventeen-year-old Rainy comes home late one evening and finds her mother dead of a suicide, she has no reason to suspect that her death is directly tied to the fact that her father, the notorious Sam Cain, has escaped from prison and is coming for her because he is convinced that both Rainy and her mother know where the stolen money is hidden"-- ‡cPublisher description.
650 0. ‡aTeenagers ‡xFamily relationships ‡vFiction.
650 0. ‡aChildren of criminals ‡vFiction.
650 7. ‡aChildren of criminals. ‡2fast ‡0(LARL_NWRL_CONSORTIUM)162055
650 7. ‡aTeenagers ‡xFamily relationships. ‡2fast ‡0(LARL_NWRL_CONSORTIUM)175452
655 7. ‡aBildungsromans. ‡2fast
655 7. ‡aFiction. ‡2fast
655 7. ‡aThrillers (Fiction) ‡2fast
655 7. ‡aThrillers (Fiction) ‡2lcgft
655 7. ‡aBildungsromans. ‡2lcgft
905 . ‡uvanderl
901 . ‡a291151 ‡b ‡c291151 ‡tbiblio ‡soclc

Additional Resources